书目信息 |
| 题名: |
油田过滤和反冲洗设备理论及工艺研究
|
|
| 作者: | 魏利 著 | |
| 分册: | ||
| 出版信息: | 北京 科学出版社 2020.01 |
|
| 页数: | x, 312页 | |
| 开本: | 27cm | |
| 丛书名: | 油田水处理技术丛书 | |
| 单 册: | ||
| 中图分类: | X741.03 | |
| 科图分类: | ||
| 主题词: | 油田--you tian--污水处理 | |
| 电子资源: | ||
| ISBN: | 978-7-03-059581-2 | |
| 000 | 01323nam 2200301 450 | |
| 001 | 202020141064 | |
| 005 | 20200926181358.0 | |
| 010 | @a978-7-03-059581-2@b精装@dCNY139.00 | |
| 100 | @a20200919d2020 em y0chiy50 ea | |
| 101 | 0 | @achi |
| 102 | @aCN@b110000 | |
| 105 | @aa a 000yy | |
| 106 | @ar | |
| 200 | 1 | @a油田过滤和反冲洗设备理论及工艺研究@Ayou tian guo lu^ he fan chong xi she bei li lun ji gong yi yan jiu@f魏利 ... 等著 |
| 210 | @a北京@c科学出版社@d2020.01 | |
| 215 | @ax, 312页@c图@d27cm | |
| 225 | 2 | @a油田水处理技术丛书@Ayou tian shui chu li ji shu cong shu |
| 304 | @a题名页题其余责任者: 陈忠喜, 李殿杰, 李春颖, 马士平等 | |
| 312 | @a英文题名取自封面 | |
| 320 | @a有书目 (第300-302页) | |
| 330 | @a本书是介绍关于油田过滤反冲洗工艺的理论和工艺应用的著作。本书是研究者通过多年在油田开展过滤罐工艺改造、滤料筛选、反冲洗自动化、滤料堵塞和板结的基础和理论研究等工作积累了大量的生产现场数据资料撰写而成。本书全面介绍过滤反冲洗处理技术研究和应用情况, 创新性地提出许多新观点和新理论。 | |
| 410 | 0 | @12001 @a油田水处理技术丛书 |
| 510 | 1 | @aStudy on theory and technology of filtration and backwashing equipment in oilfield@zeng |
| 606 | 0 | @a油田@Ayou tian@x污水处理 |
| 690 | @aX741.03@v5 | |
| 701 | 0 | @a魏利@Awei li@4著 |
| 801 | 0 | @aCN@c20200227 |
| 905 | @a河南城建学院图书馆@dX741.03@eW592 | |
| 油田过滤和反冲洗设备理论及工艺研究/魏利 ... 等著.-北京:科学出版社,2020.01 |
| x, 312页:图;27cm.-(油田水处理技术丛书) |
| ISBN 978-7-03-059581-2(精装):CNY139.00 |
| 本书是介绍关于油田过滤反冲洗工艺的理论和工艺应用的著作。本书是研究者通过多年在油田开展过滤罐工艺改造、滤料筛选、反冲洗自动化、滤料堵塞和板结的基础和理论研究等工作积累了大量的生产现场数据资料撰写而成。本书全面介绍过滤反冲洗处理技术研究和应用情况, 创新性地提出许多新观点和新理论。 |
| ● |
| 相关链接 |
|
|
|
正题名:油田过滤和反冲洗设备理论及工艺研究
索取号:X741.03/W592
 
预约/预借
| 序号 | 登录号 | 条形码 | 馆藏地/架位号 | 状态 | 备注 |
| 1 | 1491201 | 214912013 | 自科库501/501自科库 109排1列2层/ [索取号:X741.03/W592] | 在馆 |